|
|
|
|
| LEADER |
00000nab a2200000 a 4500 |
| 001 |
vtls001563478 |
| 003 |
SK-MaSNL |
| 005 |
20260304171813.0 |
| 008 |
160329c2004 xo |||||||| |00 b|slo |
| 015 |
|
|
|a SNBRB2005/05
|2 snkbucl
|
| 038 |
|
|
|a SNKBUCL
|
| 040 |
|
|
|a SNKBUCL
|b slo
|c SNKBUCL
|e AACR2
|
| 041 |
0 |
|
|a slo
|
| 044 |
|
|
|a xo
|c SK
|
| 080 |
|
|
|a 616-083-053.2
|2 1997
|
| 080 |
|
|
|a 614.2:616-083-053.2
|2 1997
|
| 080 |
|
|
|a 364.046.6
|2 1997
|
| 100 |
1 |
|
|a Pauliny-Danielisová, Mariana,
|d 1947-
|4 aut
|9 37124
|
| 245 |
1 |
0 |
|a Plamienok
|
| 300 |
|
|
|b Fotogr.
|
| 610 |
2 |
7 |
|a Detský hospic Plamienok (Stupava, Slovensko)
|2 snkbucl
|
| 650 |
0 |
7 |
|a hospice
|2 snkbucl
|9 19856
|
| 650 |
0 |
7 |
|a hospicová starostlivosť
|2 snkbucl
|9 28603
|
| 651 |
|
7 |
|a Stupava (Slovensko)
|2 snkbucl
|9 24904
|
| 773 |
0 |
|
|t Zdravie
|g Roč. 60, (november 2004), s. 80-81
|x 0044-1953
|
| 852 |
|
|
|a SNK
|b KIS3GCP
|
| 958 |
|
|
|a MI
|
| 999 |
|
|
|c 2995155
|d 2997085
|